| 000 | 00806cam a2200277 i 4500 | ||
|---|---|---|---|
| 999 |
_c9246 _d9246 |
||
| 001 | 9246 | ||
| 003 | BD-JhCC | ||
| 005 | 20180312111635.0 | ||
| 008 | 760723s1975 ii b 001 0 eng | ||
| 020 | _cRs50.00 | ||
| 035 | _a(BD-JhCC)9246 | ||
| 040 |
_aDLC _cDLC _dDLC _dBD-JhCC |
||
| 041 | _aeng | ||
| 050 | 0 | 0 |
_aDS480.45 _b.G43 |
| 082 | 0 | 0 |
_a320.9/54/035 _bGHO 1975 |
| 100 | 1 |
_aGhose, Sankar, _d1921-2009. |
|
| 245 | 1 | 0 |
_aPolitical ideas and movements in India / _cSankar Ghose. |
| 260 |
_aBombay : _bAllied Publishers, _c1975. |
||
| 300 |
_axvi, 558 p. ; _c22 cm. |
||
| 500 | _aIncludes index. | ||
| 504 | _aBibliography: p. [535]-547. | ||
| 651 | 0 |
_aIndia _xPolitics and government _y20th century. |
|
| 651 | 0 |
_aIndia _xPolitics and government _y19th century. |
|
| 942 |
_2ddc _cBK |
||